000 00290nam a22001337a 4500
008 170904b xxu||||| |||| 00| 0 eng d
020 _a0582285550
041 _aeng
080 _a070
100 _a40
101 _aMED
245 _aIMPACT OF MASS MEDIA
_cHIEBERT.E
942 _2udc
_cBK
999 _c25988
_d25988